00251nam a2200097Ia 4500008004100000100000800041245005500049260002400104300000900128650001600137191201s1996 xx 000 0 und d aTCS 0aTools Methods Procedures Unix Software Engineering aN. DelhibTCSc1996 aMISC aB.Tech(ECE)